Count to 100 With Only Squares, Cubes and Higher Powers - Statistics

General Stats
  • This quiz has been taken 210 times
  • The average score is 7 of 13
Answer Stats
# % Correct
1
100%
4
94%
8
81%
9
74%
16
69%
25
61%
27
49%
36
34%
32
32%
49
27%
64
24%
81
22%
100
20%
No matching quizzes found
Score Distribution
Percent of People with Each Score
Percentile by Number Answered
Your Score History
You have not taken this quiz